Gender, politics and the state

Bewaard in:
Bibliografische gegevens
Hoofdauteurs: Randall, Vicky (Auteur), Waylen, Georgina (Auteur)
Formaat: Boek
Taal:Engels
Gepubliceerd in: Nueva York Routledge 1998
Editie:1a. ed
Onderwerpen:
Tags: Voeg label toe
Geen labels, Wees de eerste die dit record labelt!

MARC

LEADER 00000cam a2200000 a 4500
001 UCC7341
003 CL-VaPUC
008 190322e19980000us |||||||||||||||||eng|d
020 |a 9780415164023 
082 0 4 |a 320.082  |b RAN  |2 21 
100 0 |a Randall, Vicky  |e author  |9 601912 
700 0 |a Waylen, Georgina  |e author  |9 601913 
245 1 0 |a Gender, politics and the state 
250 |a 1a. ed 
300 |a 214 p 
942 |c BK 
945 |d 20190322 14:57:00  |a dcastane 
260 |a Nueva York  |b Routledge  |c 1998 
650 0 |a Ciencias Políticas  |9 255201 
650 0 |a Género  |9 395998 
650 7 |a POLITICA Y ESTADO  |2 CL-VaPUC  |9 601914 
583 |a last modification  |c 20190322 14:57:00  |k Rodrigo Vera 
999 |c 374011  |d 374009 
952 |0 0  |1 0  |3 erb  |4 0  |6 320_082000000000000_RAN_1998  |7 0  |8 A  |9 492360  |a BIBHIS  |b BIBHIS  |i 5538173  |o 320.082 RAN 1998  |p 5538173  |r 2025-01-20  |w 2019-11-24  |y BK  |z Catalogado en:20190322  |k HIS